| 000 | 00472nam a2200157 i 4500 | ||
|---|---|---|---|
| 001 | 34826 | ||
| 003 | ES-MaACL | ||
| 005 | 20230906155014.0 | ||
| 007 | t| | ||
| 008 | 030211s1972 sp ||||1| spa d | ||
| 100 | 1 |
_aBossi, F. C. _930717 |
|
| 245 | 1 | 0 |
_aViaje por el mundo pintoresco / _cF.C. Bossi y un equipo de colaboradores especialistas. |
| 260 |
_aBarcelona : _bGassó, _c[1972] |
||
| 300 |
_aXIV, 397 p., 18 lám. ; _c22 cm. |
||
| 852 |
_aES-MaACL _jC-55953 _bR.88493 |
||
| 999 |
_c34826 _d34826 |
||